[Event "Khazar Cup 2016 (A) Master Tournament"]
[Site "Zibakenar,Iran"]
[Date "2016.02.12"]
[Round "2"]
[Board "3"]
[White "Ziatdinov, Raset"]
[Black "Grigoryan, Karen H."]
[Result "1/2-1/2"]
[WhiteElo "2310"]
[BlackElo "2606"]
[PlyCount "0"]
[EventDate "2016.02.11"]
[EventRounds "9"]
[EventCountry "IRI"]

1. e4 {[%clk 1:30:57]} g6 {[%clk 1:30:45]} 2. d4 {[%clk 1:31:22]} Bg7
{[%clk 1:31:09]} 3. Nf3 {[%clk 1:31:49]} d6 {[%clk 1:31:28]} 4. Be2
{[%clk 1:32:01]} Nf6 {[%clk 1:31:18]} 5. Nc3 {[%clk 1:32:25]} O-O
{[%clk 1:31:25]} 6. O-O {[%clk 1:32:51]} a6 {[%clk 1:31:30]} 7. a4
{[%clk 1:32:23]} Nc6 {[%clk 1:30:36]} 8. d5 {[%clk 1:31:59]} Nb8 {[%clk 1:28:30]}
9. Qd2 {[%clk 1:30:32]} c6 {[%clk 1:27:58]} 10. Rd1 {[%clk 1:30:54]} cxd5
{[%clk 1:28:01]} 11. exd5 {[%clk 1:31:17]} Bg4 {[%clk 1:28:26]} 12. Qg5
{[%clk 1:22:04]} Bxf3 {[%clk 1:28:21]} 13. Bxf3 {[%clk 1:22:30]} Nbd7
{[%clk 1:28:40]} 14. Qh4 {[%clk 1:22:37]} Rc8 {[%clk 1:26:29]} 15. a5
{[%clk 1:19:32]} Re8 {[%clk 1:23:11]} 16. Qb4 {[%clk 1:15:34]} Qc7
{[%clk 1:20:21]} 17. Be3 {[%clk 1:11:21]} Ne5 {[%clk 1:13:48]} 18. Be2
{[%clk 1:11:44]} Nc4 {[%clk 1:12:58]} 19. Bd4 {[%clk 1:07:50]} Nd7
{[%clk 1:10:03]} 20. Bxg7 {[%clk 1:05:39]} Kxg7 {[%clk 1:10:26]} 21. Ne4
{[%clk 1:04:22]} h5 {[%clk 1:01:47]} 22. b3 {[%clk 0:53:13]} Nce5
{[%clk 1:02:07]} 23. c4 {[%clk 0:53:36]} Nf6 {[%clk 0:54:38]} 24. Ng5
{[%clk 0:51:11]} Rb8 {[%clk 0:54:00]} 25. Nf3 {[%clk 0:38:56]} Nxf3+
{[%clk 0:54:12]} 26. Bxf3 {[%clk 0:39:24]} b5 {[%clk 0:52:24]} 27. axb6
{[%clk 0:38:36]} Qxb6 {[%clk 0:52:31]} 28. Qxb6 {[%clk 0:37:21]} Rxb6
{[%clk 0:52:56]} 29. Rd3 {[%clk 0:37:18]} Nd7 {[%clk 0:53:14]} 30. Re3
{[%clk 0:37:21]} Nc5 {[%clk 0:52:18]} 31. Bd1 {[%clk 0:33:33]} e5
{[%clk 0:52:11]} 32. dxe6 {[%clk 0:33:52]} Rxe6 {[%clk 0:52:36]} 33. Rxe6
{[%clk 0:33:30]} fxe6 {[%clk 0:52:22]} 34. f4 {[%clk 0:32:31]} Kf6
{[%clk 0:51:12]} 35. Bc2 {[%clk 0:32:27]} g5 {[%clk 0:41:20]} 36. fxg5+
{[%clk 0:32:08]} Kxg5 {[%clk 0:41:45]} 37. Rf1 {[%clk 0:32:27]} h4
{[%clk 0:40:02]} 38. h3 a5 39. Ra1 {[%clk 0:24:39]} Nxb3 {[%clk 0:33:50]} 40.
Bxb3 {[%clk 0:24:59]} Rxb3 {[%clk 0:34:16]} 41. Rxa5+ {[%clk 0:25:23]} e5
{[%clk 0:34:15]} 42. Rd5 {[%clk 0:24:10]} Kf4 {[%clk 0:34:29]} 43. Rxd6
{[%clk 0:24:33]} e4 {[%clk 0:33:10]} 44. Rf6+ {[%clk 0:24:41]} Ke3
{[%clk 0:33:14]} 45. c5 {[%clk 0:23:50]} Rb1+ {[%clk 0:31:57]} 46. Kh2
{[%clk 0:24:11]} Rc1 {[%clk 0:18:11]} 47. c6 {[%clk 0:24:27]} Rc2
{[%clk 0:15:58]} 48. Rh6 {[%clk 0:13:05]} Kd3 {[%clk 0:15:03]} 49. Rd6+
{[%clk 0:08:44]} Ke2 {[%clk 0:15:14]} 50. Rd4 {[%clk 0:08:00]} e3
{[%clk 0:12:36]} 51. Rd6 {[%clk 0:05:17]} Ke1 {[%clk 0:08:11]} 52. Re6
{[%clk 0:05:11]} e2 {[%clk 0:08:31]} 53. Rd6 {[%clk 0:04:55]} Rc1
{[%clk 0:08:51]} 54. Re6 {[%clk 0:03:54]} Kd2 {[%clk 0:07:34]} 55. Rd6+
{[%clk 0:04:20]} Kc2 {[%clk 0:07:05]} 56. c7 {[%clk 0:04:36]} Rh1+
{[%clk 0:07:10]} 57. Kxh1 {[%clk 0:04:48]} e1=Q+ {[%clk 0:07:36]} 58. Kh2
{[%clk 0:05:07]} Qc3 {[%clk 0:07:56]} 59. Rd7 {[%clk 0:04:48]} Qc6
{[%clk 0:08:15]} 60. Rf7 {[%clk 0:04:53]} Kd2 {[%clk 0:08:27]} 61. Kh1
{[%clk 0:04:37]} Qc4 {[%clk 0:08:07]} 62. Kh2 {[%clk 0:04:17]} Ke2
{[%clk 0:07:54]} 63. Kh1 {[%clk 0:04:23]} Kd3 {[%clk 0:06:54]} 64. Kh2
{[%clk 0:04:46]} Kc3 {[%clk 0:07:04]} 65. Kh1 {[%clk 0:04:52]} Qc6
{[%clk 0:06:17]} 66. Rh7 {[%clk 0:04:00]} Kd3 {[%clk 0:06:33]} 67. Kh2
{[%clk 0:03:27]} Ke3 {[%clk 0:06:24]} 68. Rf7 {[%clk 0:03:45]} Ke4
{[%clk 0:06:42]} 69. Kh1 {[%clk 0:03:36]} Qc1+ {[%clk 0:03:54]} 70. Kh2
{[%clk 0:04:01]} Ke3 {[%clk 0:04:21]} 71. Rf3+ {[%clk 0:04:06]} Kd4
{[%clk 0:04:01]} 72. Rf7 {[%clk 0:04:16]} Ke4 {[%clk 0:04:26]} 73. Rg7
{[%clk 0:03:39]} Kf5 {[%clk 0:03:47]} 74. Rf7+ {[%clk 0:03:52]} Kg6
{[%clk 0:03:31]} 75. Rd7 {[%clk 0:03:22]} Qc6 {[%clk 0:03:43]} 76. Re7
{[%clk 0:03:27]} Qc4 {[%clk 0:03:02]} 77. Kh1 {[%clk 0:03:25]} Kf6
{[%clk 0:03:26]} 78. Rh7 {[%clk 0:03:40]} Ke6 {[%clk 0:03:51]} 79. Kh2
{[%clk 0:03:20]} Kd6 {[%clk 0:04:07]} 80. Rxh4

[Event "Khazar Cup 2016 (A) Master Tournament"]
[Site "Zibakenar,Iran"]
[Date "2016.02.12"]
[Round "2"]
[Board "4"]
[White "Gabuzyan, Hovhannes"]
[Black "Pourghanbarzad Lashtnesha, Arm"]
[Result "1-0"]
[WhiteElo "2593"]
[BlackElo "2264"]
[PlyCount "0"]
[EventDate "2016.02.11"]
[EventRounds "9"]
[EventCountry "IRI"]

1. e4 {[%clk 1:30:58]} Nf6 {[%clk 1:30:28]} 2. Nc3 {[%clk 1:31:22]} e5
{[%clk 1:30:50]} 3. Nf3 {[%clk 1:31:42]} Nc6 {[%clk 1:31:09]} 4. Bb5
{[%clk 1:32:08]} Bd6 {[%clk 1:31:17]} 5. d3 {[%clk 1:32:01]} h6 {[%clk 1:31:25]}
6. Ba4 {[%clk 1:31:14]} a6 {[%clk 1:30:25]} 7. h3 {[%clk 1:31:15]} b5
{[%clk 1:29:32]} 8. Bb3 {[%clk 1:31:43]} Bb7 {[%clk 1:29:42]} 9. a3
{[%clk 1:31:19]} O-O {[%clk 1:24:26]} 10. Be3 {[%clk 1:31:29]} Re8
{[%clk 1:24:01]} 11. Qd2 {[%clk 1:30:12]} Bf8 {[%clk 1:22:48]} 12. g4
{[%clk 1:30:15]} Na5 {[%clk 1:21:24]} 13. Ba2 {[%clk 1:30:25]} b4
{[%clk 1:09:33]} 14. axb4 {[%clk 1:30:19]} Bxb4 {[%clk 1:09:31]} 15. g5
{[%clk 1:25:25]} hxg5 {[%clk 1:07:55]} 16. Bxg5 {[%clk 1:25:51]} d5
{[%clk 1:07:36]} 17. Rg1 {[%clk 1:26:14]} Re6 {[%clk 0:43:37]} 18. exd5
{[%clk 1:26:29]} Bxd5 {[%clk 0:42:02]} 19. Bxd5 {[%clk 1:26:54]} Bxc3
{[%clk 0:42:25]} 20. Qxc3 {[%clk 1:27:19]} Qxd5 {[%clk 0:42:28]} 21. Bxf6
{[%clk 1:27:44]} Rxf6 {[%clk 0:42:14]} 22. Nxe5 {[%clk 1:28:07]} Nc6
{[%clk 0:38:31]} 23. Nxc6 {[%clk 1:28:30]} Qxc6 {[%clk 0:36:11]} 24. Qxc6
{[%clk 1:28:55]} Rxc6 {[%clk 0:36:40]} 25. Kd2 {[%clk 1:29:20]} Rb8
{[%clk 0:36:19]} 26. b3 {[%clk 1:29:43]} Rf6 {[%clk 0:36:01]} 27. Raf1
{[%clk 1:30:05]} Rb5 {[%clk 0:34:25]} 28. Rg3 {[%clk 1:30:16]} Rbf5
{[%clk 0:33:41]} 29. Ke2 {[%clk 1:30:41]} Rc5 {[%clk 0:32:08]} 30. Kd2
{[%clk 1:25:29]} Rcf5 {[%clk 0:29:02]} 31. f3 {[%clk 1:25:54]} c5
{[%clk 0:27:11]} 32. h4 {[%clk 1:25:53]} Rf4 {[%clk 0:25:11]} 33. Rfg1
{[%clk 1:25:19]} g6 {[%clk 0:22:31]} 34. h5 {[%clk 1:25:35]} Kg7 {[%clk 0:22:56]}
35. hxg6 {[%clk 1:25:59]} fxg6 {[%clk 0:23:25]} 36. Ke3 {[%clk 1:25:55]} R4f5
{[%clk 0:22:24]} 37. Kf2 {[%clk 1:26:04]} Rh5 {[%clk 0:20:59]} 38. Rg4
{[%clk 1:23:39]} Rh2+ {[%clk 0:20:18]} 39. R1g2 {[%clk 1:24:04]} Rh3
{[%clk 0:20:43]} 40. Ke2 {[%clk 1:24:28]} Kf7 {[%clk 0:20:33]} 41. Rf2
{[%clk 1:24:51]} Ke7 {[%clk 0:19:36]} 42. Ke3 {[%clk 1:25:14]} Kd6
{[%clk 0:19:10]} 43. b4 {[%clk 1:25:00]} Re6+ {[%clk 0:18:57]} 44. Kd2
{[%clk 1:25:26]} Rf6 {[%clk 0:19:18]} 45. bxc5+ {[%clk 1:25:50]} Kxc5
{[%clk 0:19:47]} 46. Kc3 {[%clk 1:25:50]} a5 {[%clk 0:16:51]} 47. Rg5+
{[%clk 1:24:43]} Kb6 {[%clk 0:17:15]} 48. Rfg2 {[%clk 1:25:04]} Rhxf3
{[%clk 0:15:25]} 49. Rxg6 {[%clk 1:25:29]} Kb5 {[%clk 0:15:27]} 50. Rxf6
{[%clk 1:25:24]} Rxf6 {[%clk 0:15:56]} 51. Kb3 {[%clk 1:25:48]} Rf1
{[%clk 0:15:25]} 52. Rg5+ {[%clk 1:25:13]} Kb6 {[%clk 0:15:48]} 53. d4
{[%clk 1:23:57]} Rb1+ {[%clk 0:14:43]} 54. Ka2 {[%clk 1:24:18]} Rd1
{[%clk 0:14:22]} 55. c3 {[%clk 1:24:42]} Rd3 {[%clk 0:14:03]} 56. Kb3
{[%clk 1:24:47]} Rd1 {[%clk 0:14:02]} 57. Rg6+ {[%clk 1:25:13]} Kb7
{[%clk 0:14:14]} 58. Kc4 {[%clk 1:25:18]} a4 {[%clk 0:13:56]} 59. Kb4
{[%clk 1:25:41]} Ra1 {[%clk 0:14:12]} 1-0

[Event "Khazar Cup 2016 (A) Master Tournament"]
[Site "Zibakenar,Iran"]
[Date "2016.02.12"]
[Round "2"]
[Board "5"]
[White "Tahbaz, Arash"]
[Black "Mirzoev, Azer"]
[Result "1/2-1/2"]
[WhiteElo "2282"]
[BlackElo "2539"]
[PlyCount "0"]
[EventDate "2016.02.11"]
[EventRounds "9"]
[EventCountry "IRI"]

1. e4 e5 2. Nf3 Nc6 3. Bb5 Nf6 4. O-O Nxe4 5. d4 Nd6 6. Bxc6 dxc6 7. dxe5 Ne4 8.
Qe2 Bf5 9. h3 Bc5 10. Be3 O-O 11. Bxc5 Nxc5 12. Nc3 Ne6 13. Rad1 Qe7 14. a3 Rad8
15. Rxd8 Rxd8 16. Rd1 h6 17. Rd2 b6 18. Qe3 a5 19. Ne2 c5 20. c3 Rxd2 21. Nxd2
Qd7 22. f4 Bd3 23. Ng3 Nf8 24. Nde4 Qd5 25. Nf2 c4 26. f5 Nd7 27. e6 fxe6 28.
fxe6 Nf6 29. e7 {[%clk 0:11:19]} Bg6 30. Ng4 Ne8 31. Ne5 Qe6 32. Qf4 Kh7 33. Kh2
Nd6 34. Nxg6 Kxg6 35. Qf8 Qe5 36. h4 h5 37. Kh3 Qe6+ 38. Kh2 Qe5 39. Kh3 Qe6+ 40.
Kh2 1/2-1/2

[Event "Khazar Cup 2016 (A) Master Tournament"]
[Site "Zibakenar,Iran"]
[Date "2016.02.12"]
[Round "2"]
[Board "7"]
[White "Feyli, Sina"]
[Black "Mosadeghpour, Masoud"]
[Result "0-1"]
[WhiteElo "2233"]
[BlackElo "2462"]
[PlyCount "0"]
[EventDate "2016.02.11"]
[EventRounds "9"]
[EventCountry "IRI"]

1. d4 {[%clk 1:29:17]} Nf6 {[%clk 1:30:53]} 2. c4 {[%clk 1:29:41]} g6
{[%clk 1:31:18]} 3. Nc3 {[%clk 1:30:04]} d5 {[%clk 1:31:43]} 4. cxd5
{[%clk 1:29:57]} Nxd5 {[%clk 1:32:12]} 5. e4 {[%clk 1:30:16]} Nxc3
{[%clk 1:32:37]} 6. bxc3 {[%clk 1:30:38]} Bg7 {[%clk 1:33:06]} 7. Qa4+
{[%clk 1:30:57]} Nd7 {[%clk 1:33:15]} 8. Nf3 {[%clk 1:31:05]} O-O
{[%clk 1:33:39]} 9. Be2 {[%clk 1:31:05]} a6 {[%clk 1:33:19]} 10. Qa3
{[%clk 1:26:05]} Rb8 {[%clk 1:28:34]} 11. O-O {[%clk 1:21:38]} b5
{[%clk 1:24:51]} 12. Bg5 {[%clk 1:14:21]} Re8 {[%clk 1:24:18]} 13. Rad1
{[%clk 0:58:56]} Nb6 {[%clk 1:18:16]} 14. Bf4 {[%clk 0:50:26]} e6
{[%clk 1:17:40]} 15. Ne5 {[%clk 0:46:43]} Bb7 {[%clk 1:16:42]} 16. Rfe1
{[%clk 0:35:27]} f6 {[%clk 1:07:14]} 17. Ng4 {[%clk 0:28:45]} h5 {[%clk 1:06:47]}
18. Nh6+ {[%clk 0:25:48]} Kh7 {[%clk 1:06:43]} 19. Qc1 {[%clk 0:25:59]} Qe7
{[%clk 1:05:15]} 20. Rd3 {[%clk 0:14:11]} g5 {[%clk 1:01:39]} 21. Bxh5
{[%clk 0:11:12]} Bxh6 {[%clk 1:01:01]} 22. Bxe8 {[%clk 0:11:06]} Rxe8
{[%clk 1:00:14]} 23. Bg3 {[%clk 0:09:59]} Nc4 {[%clk 0:58:13]} 24. h4
{[%clk 0:09:07]} Qf7 {[%clk 0:53:55]} 25. hxg5 {[%clk 0:07:40]} fxg5
{[%clk 0:54:23]} 26. Rdd1 {[%clk 0:02:48]} Qg6 {[%clk 0:53:24]} 27. Qb1
{[%clk 0:02:58]} g4 {[%clk 0:53:11]} 28. d5 {[%clk 0:01:39]} Bd2 {[%clk 0:49:56]}
29. Re2 {[%clk 0:01:47]} Bxc3 {[%clk 0:49:16]} 30. Bxc7 {[%clk 0:01:16]} exd5
{[%clk 0:49:21]} 31. Qc2 {[%clk 0:01:41]} d4 {[%clk 0:49:29]} 32. Qd3
{[%clk 0:00:34]} Nb2 {[%clk 0:49:18]} 0-1

[Event "Khazar Cup 2016 (A) Master Tournament"]
[Site "Zibakenar,Iran"]
[Date "2016.02.12"]
[Round "2"]
[Board "8"]
[White "Maghsoodloo, Parham"]
[Black "Gholami Orimi, Mahdi"]
[Result "1-0"]
[WhiteElo "2461"]
[BlackElo "2226"]
[PlyCount "0"]
[EventDate "2016.02.11"]
[EventRounds "9"]
[EventCountry "IRI"]

1. b3 {[%clk 1:29:47]} d5 {[%clk 1:29:40]} 2. Bb2 {[%clk 1:29:59]} Bf5
{[%clk 1:29:31]} 3. e3 {[%clk 1:26:57]} e6 {[%clk 1:28:47]} 4. Nc3
{[%clk 1:25:29]} Nf6 {[%clk 1:27:51]} 5. Nf3 {[%clk 1:23:27]} Be7
{[%clk 1:27:54]} 6. Be2 {[%clk 1:22:46]} h6 {[%clk 1:28:10]} 7. O-O
{[%clk 1:20:25]} Nbd7 {[%clk 1:23:57]} 8. Na4 {[%clk 1:20:09]} O-O
{[%clk 1:23:13]} 9. c4 {[%clk 1:19:59]} c6 {[%clk 1:21:28]} 10. d4
{[%clk 1:18:04]} Rc8 {[%clk 1:18:33]} 11. a3 {[%clk 1:07:38]} dxc4
{[%clk 1:09:47]} 12. bxc4 {[%clk 1:07:32]} c5 {[%clk 1:08:23]} 13. Qb3
{[%clk 1:04:26]} Qc7 {[%clk 1:02:26]} 14. Rac1 {[%clk 1:02:43]} cxd4
{[%clk 0:57:59]} 15. exd4 {[%clk 0:59:32]} Bd6 {[%clk 0:53:34]} 16. g3
{[%clk 0:57:47]} Rfd8 {[%clk 0:53:20]} 17. Rfe1 {[%clk 0:54:52]} Qb8
{[%clk 0:26:02]} 18. Bf1 {[%clk 0:52:38]} Be4 {[%clk 0:22:56]} 19. Bg2
{[%clk 0:46:20]} b6 {[%clk 0:21:23]} 20. Nc3 {[%clk 0:42:34]} Bb7
{[%clk 0:21:08]} 21. Rcd1 {[%clk 0:37:32]} Qa8 {[%clk 0:20:43]} 22. d5
{[%clk 0:37:53]} Nc5 {[%clk 0:18:35]} 23. Qa2 {[%clk 0:37:09]} exd5
{[%clk 0:18:00]} 24. cxd5 {[%clk 0:36:48]} Ba6 {[%clk 0:13:54]} 25. Qb1
{[%clk 0:37:16]} Re8 {[%clk 0:13:30]} 26. Rxe8+ {[%clk 0:37:36]} Rxe8
{[%clk 0:13:56]} 27. Nd4 {[%clk 0:38:00]} Ncd7 {[%clk 0:09:42]} 28. Ncb5
{[%clk 0:33:48]} Bxb5 {[%clk 0:09:29]} 29. Nxb5 {[%clk 0:34:17]} Qb8
{[%clk 0:09:58]} 30. Nd4 {[%clk 0:28:31]} a6 {[%clk 0:09:59]} 31. Nf5
{[%clk 0:28:28]} Bc5 {[%clk 0:08:30]} 32. d6 {[%clk 0:27:40]} Re2
{[%clk 0:01:43]} 33. Bd4 {[%clk 0:26:42]} Qe8 {[%clk 0:00:47]} 34. Bxc5
{[%clk 0:25:59]} bxc5 {[%clk 0:00:41]} 35. Bf1 {[%clk 0:26:15]} Re5
{[%clk 0:00:55]} 36. Ne7+ {[%clk 0:23:49]} Kh8 {[%clk 0:01:22]} 37. Nc6
{[%clk 0:23:59]} Rd5 {[%clk 0:00:58]} 38. Bxa6 {[%clk 0:21:22]} Rxd1+
{[%clk 0:00:46]} 39. Qxd1 {[%clk 0:21:44]} Qa8 {[%clk 0:01:10]} 40. Qa4
{[%clk 0:20:51]} Nb6 {[%clk 0:00:38]} 41. Qb5 {[%clk 0:21:04]} Nfd7
{[%clk 0:01:07]} 42. a4 {[%clk 0:19:12]} Nd5 {[%clk 0:00:35]} 43. Qb7
{[%clk 0:18:33]} Qe8 {[%clk 0:00:33]} 44. Qc8 {[%clk 0:18:48]} N5f6 45. Qxe8+
{[%clk 0:18:53]} Nxe8 {[%clk 0:01:01]} 46. Bc8 {[%clk 0:19:22]} Nef6
{[%clk 0:01:12]} 47. a5 {[%clk 0:19:41]} c4 {[%clk 0:01:35]} 48. Bxd7
{[%clk 0:19:53]} Nxd7 {[%clk 0:01:59]} 49. a6 {[%clk 0:20:18]} 1-0

[Event "Khazar Cup 2016 (A) Master Tournament"]
[Site "Zibakenar,Iran"]
[Date "2016.02.12"]
[Round "2"]
[Board "9"]
[White "Khalesi, Vahid"]
[Black "Stopa, Jacek"]
[Result "1/2-1/2"]
[WhiteElo "2222"]
[BlackElo "2460"]
[PlyCount "0"]
[EventDate "2016.02.11"]
[EventRounds "9"]
[EventCountry "IRI"]

1. e4 {[%clk 1:30:58]} d6 {[%clk 1:30:55]} 2. d4 {[%clk 1:31:16]} Nf6
{[%clk 1:31:22]} 3. Nc3 {[%clk 1:31:32]} e5 {[%clk 1:31:46]} 4. f4
{[%clk 1:31:59]} exd4 {[%clk 1:25:49]} 5. Qxd4 {[%clk 1:32:24]} Nc6
{[%clk 1:25:48]} 6. Bb5 {[%clk 1:32:40]} Bd7 {[%clk 1:25:35]} 7. Qf2
{[%clk 1:27:47]} a6 {[%clk 1:14:32]} 8. Bd3 {[%clk 1:19:47]} Nb4 {[%clk 1:14:07]}
9. Nf3 {[%clk 1:19:57]} Nxd3+ {[%clk 1:14:03]} 10. cxd3 {[%clk 1:20:26]} Be7
{[%clk 1:12:08]} 11. h3 {[%clk 1:16:16]} O-O {[%clk 1:11:13]} 12. O-O
{[%clk 1:14:45]} b5 {[%clk 1:07:00]} 13. e5 {[%clk 1:14:18]} Ne8 {[%clk 1:06:11]}
14. Nd5 {[%clk 1:11:53]} Bc6 {[%clk 1:04:05]} 15. Nxe7+ {[%clk 1:12:01]} Qxe7
{[%clk 1:04:29]} 16. Nd4 {[%clk 1:10:45]} Bb7 {[%clk 0:58:50]} 17. Re1
{[%clk 1:01:29]} Qd7 {[%clk 0:55:17]} 18. Be3 {[%clk 1:00:03]} g6
{[%clk 0:53:52]} 19. Rac1 {[%clk 0:51:27]} Ng7 {[%clk 0:51:24]} 20. Qc2
{[%clk 0:46:30]} Rac8 {[%clk 0:45:27]} 21. exd6 {[%clk 0:37:51]} cxd6
{[%clk 0:39:24]} 22. Qf2 {[%clk 0:33:35]} Nf5 {[%clk 0:39:02]} 23. Bd2
{[%clk 0:33:38]} Rxc1 {[%clk 0:31:24]} 24. Rxc1 {[%clk 0:33:13]} Re8
{[%clk 0:28:58]} 25. Ba5 {[%clk 0:29:10]} Rc8 {[%clk 0:21:15]} 26. Rxc8+
{[%clk 0:28:56]} Qxc8 {[%clk 0:21:40]} 27. Nxf5 {[%clk 0:27:19]} Qxf5
{[%clk 0:19:53]} 28. Qb6 {[%clk 0:25:12]} Qc5+ {[%clk 0:19:47]} 29. Qxc5
{[%clk 0:25:40]} dxc5 {[%clk 0:20:11]} 30. Bb6 {[%clk 0:26:04]} Bd5
{[%clk 0:19:21]} 31. a3 {[%clk 0:24:01]} c4 {[%clk 0:19:44]} 32. dxc4
{[%clk 0:24:26]} Bxc4 {[%clk 0:20:02]} 33. Kf2 {[%clk 0:24:43]} Kf8
{[%clk 0:19:18]} 34. Bc5+ {[%clk 0:22:34]} Ke8 {[%clk 0:19:35]} 35. g4
{[%clk 0:22:19]} Kd7 {[%clk 0:19:09]} 36. Ke3 {[%clk 0:22:14]} Bf1
{[%clk 0:18:57]} 37. h4 {[%clk 0:22:22]} Bh3 {[%clk 0:18:17]} 38. Kf3
{[%clk 0:22:43]} Kc6 {[%clk 0:17:40]} 39. Bf8 {[%clk 0:22:57]} f5
{[%clk 0:17:18]} 40. gxf5 {[%clk 0:23:22]} Bxf5 {[%clk 0:17:30]} 41. Ke3
{[%clk 0:23:37]} Kd5 {[%clk 0:17:51]} 42. Bg7 {[%clk 0:23:52]} Kc4
{[%clk 0:18:15]} 43. Bc3 {[%clk 0:24:07]} h5 {[%clk 0:18:18]} 44. Be5
{[%clk 0:24:23]} a5 {[%clk 0:18:41]} 45. Bc7 {[%clk 0:24:43]} a4 {[%clk 0:19:00]}
46. Ba5 {[%clk 0:25:06]} Kb3 {[%clk 0:19:21]} 47. Bc3 {[%clk 0:25:30]} b4
{[%clk 0:18:49]} 48. Bxb4 {[%clk 0:25:55]} Kxb2 {[%clk 0:19:15]} 1/2-1/2

[Event "Khazar Cup 2016 (A) Master Tournament"]
[Site "Zibakenar,Iran"]
[Date "2016.02.12"]
[Round "2"]
[Board "10"]
[White "Starostits, Ilmars"]
[Black "Valizadeh, Ali"]
[Result "1-0"]
[WhiteElo "2437"]
[BlackElo "2199"]
[PlyCount "0"]
[EventDate "2016.02.11"]
[EventRounds "9"]
[EventCountry "IRI"]

1. d4 d5 2. Nf3 Nf6 3. c4 c6 4. e3 e6 5. Qc2 Nbd7 6. b3 Bd6 7. Bb2 Qe7 8. Be2 e5
9. cxd5 Nxd5 10. Nbd2 O-O 11. a3 f5 12. dxe5 Nxe5 13. Nc4 Nxc4 14. Bxc4 f4 15. e4
Bf5 16. Nd2 Rae8 17. O-O-O Bg6 18. Qc3 f3 19. exd5 fxg2 20. Rhe1 Qc7 21. dxc6+
Kh8 22. Rxe8 Rxe8 23. Bd5 Be5 24. Qc4 b5 25. Qc5 Bxb2+ 26. Kxb2 Qe5+ 27. Ka2 Qe2
28. Qc1 Qxf2 29. c7 Bf5 30. Qc6 Rf8 31. Bxg2 Bg4 32. Bf3 Bxf3 33. Qxf3 Rxf3 34.
c8=Q+ Rf8 35. Qd7 Qxh2 36. Qxb5 Rd8 37. Qa5 Rc8 38. Rc1 Re8 39. Rc2 Qg1 40. Qf5
Qd1 41. Nc4 h6 42. Ne5 Qg1 43. Re2 Rb8 44. Nf7+ Kg8 45. Nxh6+ 1-0

[Event "Khazar Cup 2016 (A) Master Tournament"]
[Site "Zibakenar,Iran"]
[Date "2016.02.12"]
[Round "2"]
[Board "11"]
[White "Pilvaieh, Ali"]
[Black "Soozankar, A.M."]
[Result "0-1"]
[WhiteElo "2167"]
[BlackElo "2386"]
[PlyCount "0"]
[EventDate "2016.02.11"]
[EventRounds "9"]
[EventCountry "IRI"]

1. e4 e5 2. Bc4 Nc6 {[%clk 1:30:37]} 3. Nf3 {[%clk 1:26:24]} Bc5 {[%clk 1:31:01]}
4. c3 {[%clk 1:22:51]} Nf6 {[%clk 1:31:26]} 5. d3 {[%clk 1:23:12]} a6
{[%clk 1:31:26]} 6. Bb3 {[%clk 1:23:35]} Ba7 {[%clk 1:31:49]} 7. h3
{[%clk 1:23:25]} O-O {[%clk 1:30:14]} 8. Bg5 {[%clk 1:23:48]} d6 {[%clk 1:23:57]}
9. Nbd2 {[%clk 1:24:09]} Be6 {[%clk 1:21:52]} 10. Nh2 {[%clk 1:17:09]} h6
{[%clk 1:22:18]} 11. Bh4 {[%clk 1:17:04]} g5 {[%clk 1:08:24]} 12. Bg3
{[%clk 1:16:23]} d5 {[%clk 1:06:14]} 13. Qf3 {[%clk 1:13:05]} dxe4
{[%clk 0:56:32]} 14. dxe4 {[%clk 1:12:39]} Qe7 {[%clk 0:54:23]} 15. O-O-O
{[%clk 0:54:24]} b5 {[%clk 0:53:25]} 16. Bd5 {[%clk 0:53:43]} Bd7
{[%clk 0:49:21]} 17. Ng4 {[%clk 0:39:03]} Nxg4 {[%clk 0:42:59]} 18. hxg4
{[%clk 0:39:07]} Kg7 {[%clk 0:41:05]} 19. Bxc6 {[%clk 0:27:09]} Bxc6
{[%clk 0:41:32]} 20. Qf5 {[%clk 0:27:32]} Bd7 {[%clk 0:42:01]} 21. Qxe5+
{[%clk 0:27:52]} Qxe5 {[%clk 0:42:24]} 22. Bxe5+ {[%clk 0:28:20]} f6
{[%clk 0:42:43]} 23. Bg3 {[%clk 0:28:48]} Bxg4 {[%clk 0:41:00]} 24. f3
{[%clk 0:29:05]} Be6 {[%clk 0:41:05]} 25. Bxc7 {[%clk 0:24:30]} Rac8
{[%clk 0:34:34]} 26. Ba5 {[%clk 0:23:03]} Be3 {[%clk 0:34:34]} 27. Kc2
{[%clk 0:20:53]} f5 {[%clk 0:32:38]} 28. Rhe1 {[%clk 0:18:51]} Bxd2
{[%clk 0:28:05]} 29. Rxd2 {[%clk 0:19:18]} fxe4 {[%clk 0:28:27]} 30. fxe4
{[%clk 0:19:36]} h5 {[%clk 0:27:38]} 31. Bb6 {[%clk 0:16:50]} Rc6
{[%clk 0:27:34]} 32. Bd8 {[%clk 0:17:14]} Kg6 {[%clk 0:27:14]} 33. e5
{[%clk 0:15:58]} b4 {[%clk 0:26:45]} 34. Re3 {[%clk 0:07:49]} Rf1
{[%clk 0:24:23]} 35. Rd6 {[%clk 0:02:50]} Rf2+ {[%clk 0:24:01]} 36. Kd3
{[%clk 0:03:13]} Rxd6+ {[%clk 0:21:45]} 37. exd6 {[%clk 0:03:40]} Bf5+
{[%clk 0:22:08]} 38. Kc4 {[%clk 0:03:39]} bxc3 {[%clk 0:21:29]} 39. Kxc3
{[%clk 0:02:56]} Rxg2 {[%clk 0:21:22]} 40. Bb6 {[%clk 0:01:34]} Rc2+
{[%clk 0:20:04]} 41. Kb3 {[%clk 0:01:04]} Rd2 {[%clk 0:20:31]} 42. Bc5
{[%clk 0:00:55]} h4 {[%clk 0:20:58]} 43. Bb4 {[%clk 0:00:50]} Rd1
{[%clk 0:20:49]} 44. Kc4 {[%clk 0:00:35]} h3 {[%clk 0:20:51]} 45. Re8
{[%clk 0:00:43]} h2 {[%clk 0:20:30]} 0-1

[Event "Khazar Cup 2016 (A) Master Tournament"]
[Site "Zibakenar,Iran"]
[Date "2016.02.12"]
[Round "2"]
[Board "12"]
[White "Mahjoob Zardast, Morteza"]
[Black "Mousavi, Sayed Milad"]
[Result "1/2-1/2"]
[WhiteElo "2361"]
[BlackElo "2159"]
[PlyCount "0"]
[EventDate "2016.02.11"]
[EventRounds "9"]
[EventCountry "IRI"]

1. d4 Nf6 2. c4 g6 3. Nc3 Bg7 4. e4 d6 5. f3 O-O 6. Be3 Nc6 7. Nge2 e5 8. d5 Ne7
9. Qd2 Ne8 10. g4 f5 11. gxf5 gxf5 12. Bg5 Nf6 13. O-O-O f4 14. Bh4 a6 15. Kb1
Qe8 16. Bf2 b5 17. Nc1 Qh5 18. Bg2 Bh3 19. Bxh3 Qxh3 20. Qe2 bxc4 21. Rdf1 Nc8
22. Rhg1 Nb6 23. Bxb6 cxb6 24. Qxc4 b5 25. Qb4 Qd7 26. Nb3 Kh8 27. Na5 Rg8 28.
Nc6 Bf8 29. Ne2 Rxg1 30. Nxg1 Qg7 31. Qd2 Qg6 32. Nh3 Qh5 33. Qg2 Bh6 34. Rh1 Rg8
35. Qf1 Bf8 36. a3 Nd7 37. Ka2 Nb6 38. Rg1 Rxg1 39. Qxg1 Qxh3 40. Qxb6 Qf1 41.
Na5 Qxf3 42. Qd8 Kg8 43. Qg5+ Kh8 44. Qf6+ Kg8 45. Qg5+ Kh8 46. Qf5 Kg8 47. Qg5+
Kh8 1/2-1/2